Logo Biblioteca

La belleza del mundo / (Registro nro. 866)

Detalles MARC
000 -LEADER
fixed length control field 01551aam a2200229 a 4500
003 - CONTROL NUMBER IDENTIFIER
control field AR-RoUNCS
005 - DATE AND TIME OF LATEST TRANSACTION
control field 20260203132920.0
008 - FIXED-LENGTH DATA ELEMENTS--GENERAL INFORMATION
fixed length control field 140422s2004 ag gr 001 f spa
015 ## - NATIONAL BIBLIOGRAPHY NUMBER
National bibliography number AR-2004
020 ## - INTERNATIONAL STANDARD BOOK NUMBER
International Standard Book Number 950-731-409-1
040 ## - CATALOGING SOURCE
Original cataloging agency AR-BaBN
Language of cataloging spa
Transcribing agency AR-RoUNCS
Description conventions aacr
080 1# - UNIVERSAL DECIMAL CLASSIFICATION NUMBER
Universal Decimal Classification number 82-31(821)
Edition identifier 2016
100 1# - MAIN ENTRY--PERSONAL NAME
Personal name Tizón, Héctor,
Dates associated with a name 1929-2012
Relator term autor
Relationship aut
245 13 - TITLE STATEMENT
Title La belleza del mundo /
Statement of responsibility, etc. Héctor Tizón.
260 ## - PUBLICATION, DISTRIBUTION, ETC.
Place of publication, distribution, etc. Buenos Aires :
Name of publisher, distributor, etc. Seix Barral,
Date of publication, distribution, etc. 2004.
300 ## - PHYSICAL DESCRIPTION
Extent 207 p. ;
Dimensions 23 cm.
490 #0 - SERIES STATEMENT
Series statement Biblioteca Breve.
520 3# - SUMMARY, ETC.
Summary, etc. En algún lugar del mundo, dos jóvenes se unen en matrimonio. Él es apicultor y sólo desea que su mujer lo ame y compense su cansancio al final de cada jornada. Pero Laura, que se ha casado para huir de un padre borracho y violento, no encuentra sosiego en esa unión, porque hay en ella una inquietud difícil de comprender y de calmar. Un día, Laura huye con Venancio, el habitual comprador de la miel de sus panales. Entonces su marido, Lucas, expulsado por la pena y el desamor, emprende un largo periplo, tal como el Ulises homérico, abandonándose al azar y a las peripecias del viaje. Pero la vida es sólo una, y todo ser humano la lleva, inevitablemente, consigo. Aunque la suerte ofrezca la posibilidad de mudar de lugar, de gentes, de oficios, el pasado retorna, porque nunca se ha ido; espera, al acecho, hasta que nos envuelve y nos impregna, como una neblina espesa y resistente.
Assigning source (Descripción del editor).
650 #4 - SUBJECT ADDED ENTRY--TOPICAL TERM
Topical term or geographic name entry element Literatura argentina
655 #4 - INDEX TERM--GENRE/FORM
Genre/form data or focus term Novelas
942 ## - ADDED ENTRY ELEMENTS (KOHA)
Source of classification or shelving scheme Universal Decimal Classification
Koha item type Libro de préstamo a domicilio
Suppress in OPAC No
Existencias
Withdrawn status Lost status Source of classification or shelving scheme Damaged status Not for loan Collection Home library Current library Date acquired Source of acquisition Total checkouts Full call number Barcode Date last seen Price effective from Koha item type
    Universal Decimal Classification     Colección General Biblioteca Escuela de Ciencias Sociales Biblioteca Escuela de Ciencias Sociales 03/02/2026 Donación 2023   82-31(821) T625 000162 03/02/2026 03/02/2026 Libro de préstamo a domicilio
Biblioteca de la Escuela Preuniversitaria en Ciencias Sociales y Humanísticas.
Riobamba 250 bis.
CP 2000 - Rosario - Santa Fe
E-Mail: biblioteca@esociales.unr.edu.ar